Music Quiz

Random Music or Bands Quiz

Three-Word Band Slot Machine Quiz Stats

 Plays Quiz Updated Apr 29, 2013

Challenge
Share
Tweet
Score 0/105 Timer 08:00
1 Play Today
head answer % Correct
First WordGoo Goo Dolls
94.5%
Second WordGoo Goo Dolls
94.5%
Last WordGoo Goo Dolls
94.5%
First WordBoyz II Men
89.4%
Second WordBoyz II Men
89.4%
Last WordBoyz II Men
89.4%
First WordYeah Yeah Yeahs
88.5%
Second WordYeah Yeah Yeahs
88.5%
Last WordYeah Yeah Yeahs
88.5%
Last WordElectric Light Orchestra
78.9%
First WordElectric Light Orchestra
78.9%
Second WordElectric Light Orchestra
78.9%
First WordMen At Work
73.8%
Second WordMen At Work
73.8%
Last WordMen At Work
73.8%
First WordBowling For Soup
73.5%
Second WordBowling For Soup
73.5%
Last WordBowling For Soup
73.5%
First WordRight Said Fred
71.2%
Second WordRight Said Fred
71.2%
Last WordRight Said Fred
71.2%
First WordFine Young Cannibals
71.2%
Second WordFine Young Cannibals
71.2%
Last WordFine Young Cannibals
71.2%
First WordInsane Clown Posse
69.2%
Second WordInsane Clown Posse
69.2%
Last WordInsane Clown Posse
69.2%
First WordFive For Fighting
69.1%
Second WordFive For Fighting
69.1%
Last WordFive For Fighting
69.1%
First WordGym Class Heroes
68.4%
Second WordGym Class Heroes
68.4%
Last WordGym Class Heroes
68.4%
First WordBay City Rollers
66%
Second WordBay City Rollers
66%
head answer % Correct
Last WordBay City Rollers
66%
First WordWet Wet Wet
65.3%
Second WordWet Wet Wet
65.3%
Last WordWet Wet Wet
65.3%
First Word4 Non Blondes
64%
Last Word4 Non Blondes
64%
Second Word4 Non Blondes
64%
First WordFountains Of Wayne
63.3%
Second WordFountains Of Wayne
63.3%
Last WordFountains Of Wayne
63.3%
First WordColor Me Badd
59.3%
Second WordColor Me Badd
59.3%
Last WordColor Me Badd
59.3%
First WordMiami Sound Machine
57.9%
Second WordMiami Sound Machine
57.9%
Last WordMiami Sound Machine
57.9%
Second WordMen Without Hats
57.7%
Last WordMen Without Hats
57.7%
First WordMen Without Hats
57.7%
First WordBoys Don't Cry
56.6%
Second WordBoys Don't Cry
56.6%
Last WordBoys Don't Cry
56.6%
First WordBell Biv DeVoe
54.4%
Second WordBell Biv DeVoe
54.4%
Last WordBell Biv DeVoe
54.4%
First WordBoy Meets Girl
54.3%
Second WordBoy Meets Girl
54.3%
Last WordBoy Meets Girl
54.3%
First WordMott The Hoople
52%
Second WordMott The Hoople
52%
Last WordMott The Hoople
52%
First WordPorno For Pyros
51.2%
Second WordPorno For Pyros
51.2%
Last WordPorno For Pyros
51.3%
First WordTaking Back Sunday
48%
head answer % Correct
Second WordTaking Back Sunday
48%
Last WordTaking Back Sunday
48%
First WordStrawberry Alarm Clock
43.6%
Second WordStrawberry Alarm Clock
43.6%
Last WordStrawberry Alarm Clock
43.6%
First WordOzark Mountain Daredevils
42.4%
Second WordOzark Mountain Daredevils
42.4%
Last WordOzark Mountain Daredevils
42.4%
First WordUgly Kid Joe
42%
Second WordUgly Kid Joe
42%
Last WordUgly Kid Joe
42%
First WordWhen In Rome
41.7%
Second WordWhen In Rome
41.7%
Last WordWhen In Rome
41.7%
First WordSoul II Soul
40.9%
Second WordSoul II Soul
40.9%
Last WordSoul II Soul
40.9%
Second WordUSA for Africa
37.4%
Last WordUSA for Africa
37.4%
First WordUSA for Africa
37.4%
First WordThem Crooked Vultures
36.3%
Second WordThem Crooked Vultures
36.3%
Last WordThem Crooked Vultures
36.3%
First WordBoys Like Girls
36.3%
Second WordBoys Like Girls
36.3%
Last WordBoys Like Girls
36.3%
First WordJohnny Hates Jazz
36%
Second WordJohnny Hates Jazz
36%
Last WordJohnny Hates Jazz
36%
First WordBig Audio Dynamite
32.5%
Second WordBig Audio Dynamite
32.5%
Last WordBig Audio Dynamite
32.5%
First WordAnother Bad Creation
27.6%
Second WordAnother Bad Creation
27.6%
Last WordAnother Bad Creation
27.6%

You're not logged in!

Compare scores with friends on all Sporcle quizzes.
Join for Free
OR
Log In

You Might Also Like...

Show Comments

Extras

Top Quizzes Today


Score Distribution

Your Account Isn't Verified!

In order to create a playlist on Sporcle, you need to verify the email address you used during registration. Go to your Sporcle Settings to finish the process.

Report this User

Report this user for behavior that violates our Community Guidelines.

Details: